| 000 | 00500nam a2200169 4500 | ||
|---|---|---|---|
| 001 | 128009 | ||
| 003 | ES-MaACL | ||
| 005 | 20230906193135.0 | ||
| 007 | t| | ||
| 008 | 070214s1923 xxk r ||||1| eng d | ||
| 100 | 1 |
_aRivers, W. H. R. _997716 |
|
| 245 | 1 | 0 |
_aConflict and dream / _cby W. H. R. Rivers ; with a preface by G. Elliot Smith. |
| 260 |
_aLondon [etc.] : _bKegan Paul [etc.], _c1923. |
||
| 300 |
_aXI, 194 p. ; _c22 cm. |
||
| 700 | 1 |
_aSmith, Elliot. _9106868 |
|
| 852 |
_aES-MaACL _jF-5495 |
||
| 999 |
_c128009 _d128009 |
||